2023 Oscar Nominees Quiz - Statistics

General Stats
  • This quiz has been taken 17 times
  • The average score is 14 of 40
Answer Stats
Answer % Correct
Everything Everywhere All at Once
81%
Jamie Lee Curtis
69%
The Banshees of Inisherin
63%
Cate Blanchett
56%
Michelle Yeoh
56%
All Quiet on the Western Front
50%
Brendan Fraser
50%
Elvis
50%
Top Gun: Maverick
50%
Angela Bassett
44%
Austin Butler
44%
Tar
44%
Ana de Armas
38%
Avatar: The Way of Water
38%
Colin Farrell
38%
Ke Huy Quan
38%
Stephanie Hsu
38%
The Fabelmans
38%
Women Talking
38%
Barry Keoghan
31%
Brendan Gleeson
31%
Daniel Scheinert & Daniel Kwan
31%
Hong Chau
31%
Puss in Boots: The Last Wish
31%
Steven Spielberg
31%
Turning Red
31%
Bill Nighy
25%
Michelle Williams
25%
Triangle of Sadness
25%
Andrea Riseborough
19%
Kerry Condon
19%
Martin McDonagh
19%
Paul Mescal
19%
The Sea Beast
19%
Brian Tyree Henry
13%
Guillermo del Toros' Pinocchio
13%
Judd Hirsch
13%
Marcel the Shell with Shoes on
13%
Ruben Ostlund
13%
Todd Field
13%
No matching quizzes found
Score Distribution
Percent of People with Each Score
Percentile by Number Answered
Your Score History
You have not taken this quiz